<?xml version="1.0" encoding="UTF-8"?>
<record
    xmlns:xsi="http://www.w3.org/2001/XMLSchema-instance"
    xsi:schemaLocation="http://www.loc.gov/MARC21/slim http://www.loc.gov/standards/marcxml/schema/MARC21slim.xsd"
    xmlns="http://www.loc.gov/MARC21/slim">

  <leader>01575nam0a2200349   4500</leader>
  <controlfield tag="001">RU\NLR\BIBL_A\022583861</controlfield>
  <controlfield tag="005">20260122095712.0</controlfield>
  <datafield tag="010" ind1=" " ind2=" ">
    <subfield code="a">978-5-389-27318-4</subfield>
    <subfield code="9">3000</subfield>
  </datafield>
  <datafield tag="021" ind1=" " ind2=" ">
    <subfield code="a">RU</subfield>
    <subfield code="b">&#x41A;&#x41D;-&#x41F;-25-030323</subfield>
    <subfield code="9">&#x41A;&#x41D;-&#x41F;-25-2994</subfield>
  </datafield>
  <datafield tag="035" ind1=" " ind2=" ">
    <subfield code="a">(NLR Aleph) 022583861</subfield>
  </datafield>
  <datafield tag="090" ind1=" " ind2=" ">
    <subfield code="a">13535287</subfield>
    <subfield code="c">13535287</subfield>
  </datafield>
  <datafield tag="100" ind1=" " ind2=" ">
    <subfield code="a">20250711d2025    m  y0rusy50      ca</subfield>
  </datafield>
  <datafield tag="101" ind1="1" ind2=" ">
    <subfield code="a">rus</subfield>
    <subfield code="c">ger</subfield>
  </datafield>
  <datafield tag="102" ind1=" " ind2=" ">
    <subfield code="a">RU</subfield>
  </datafield>
  <datafield tag="105" ind1=" " ind2=" ">
    <subfield code="a">y   z   000ay</subfield>
  </datafield>
  <datafield tag="181" ind1=" " ind2="0">
    <subfield code="a">i </subfield>
    <subfield code="b">xxxe  </subfield>
  </datafield>
  <datafield tag="182" ind1=" " ind2="0">
    <subfield code="a">n</subfield>
  </datafield>
  <datafield tag="200" ind1="1" ind2=" ">
    <subfield code="a">&#x414;&#x440;&#x443;&#x433;&#x43E;&#x439; &#x43C;&#x443;&#x436;&#x447;&#x438;&#x43D;&#x430; &#x438; &#x434;&#x440;&#x443;&#x433;&#x438;&#x435; &#x440;&#x43E;&#x43C;&#x430;&#x43D;&#x44B; &#x438; &#x440;&#x430;&#x441;&#x441;&#x43A;&#x430;&#x437;&#x44B;</subfield>
    <subfield code="f">&#x411;&#x435;&#x440;&#x43D;&#x445;&#x430;&#x440;&#x434; &#x428;&#x43B;&#x438;&#x43D;&#x43A;</subfield>
    <subfield code="g">&#x43F;&#x435;&#x440;&#x435;&#x432;&#x43E;&#x434; &#x441; &#x43D;&#x435;&#x43C;&#x435;&#x446;&#x43A;&#x43E;&#x433;&#x43E; &#x411;&#x43E;&#x440;&#x438;&#x441;&#x430; &#x425;&#x43B;&#x435;&#x431;&#x43D;&#x438;&#x43A;&#x43E;&#x432;&#x430; [&#x438; &#x434;&#x440;.]</subfield>
  </datafield>
  <datafield tag="203" ind1=" " ind2=" ">
    <subfield code="a">&#x422;&#x435;&#x43A;&#x441;&#x442;</subfield>
    <subfield code="b">&#x432;&#x438;&#x437;&#x443;&#x430;&#x43B;&#x44C;&#x43D;&#x44B;&#x439;</subfield>
    <subfield code="c">&#x43D;&#x435;&#x43F;&#x43E;&#x441;&#x440;&#x435;&#x434;&#x441;&#x442;&#x432;&#x435;&#x43D;&#x43D;&#x44B;&#x439;</subfield>
  </datafield>
  <datafield tag="210" ind1=" " ind2=" ">
    <subfield code="a">&#x41C;&#x43E;&#x441;&#x43A;&#x432;&#x430;</subfield>
    <subfield code="c">&#x410;&#x437;&#x431;&#x443;&#x43A;&#x430;-&#x410;&#x442;&#x442;&#x438;&#x43A;&#x443;&#x441;, &#x418;&#x43D;&#x43E;&#x441;&#x442;&#x440;&#x430;&#x43D;&#x43A;&#x430;</subfield>
    <subfield code="d">2025</subfield>
  </datafield>
  <datafield tag="215" ind1=" " ind2=" ">
    <subfield code="a">669, [1] c.</subfield>
    <subfield code="d">22</subfield>
  </datafield>
  <datafield tag="225" ind1="1" ind2=" ">
    <subfield code="a">&#x411;&#x43E;&#x43B;&#x44C;&#x448;&#x43E;&#x439; &#x440;&#x43E;&#x43C;&#x430;&#x43D;</subfield>
  </datafield>
  <datafield tag="320" ind1=" " ind2=" ">
    <subfield code="a">&#x414;&#x440;&#x443;&#x433;&#x438;&#x435; &#x43A;&#x43D;. &#x430;&#x432;&#x442;.: &#x441;. 2</subfield>
  </datafield>
  <datafield tag="327" ind1="1" ind2=" ">
    <subfield code="a">&#x421;&#x43E;&#x434;&#x435;&#x440;&#x436;.: &#x440;&#x43E;&#x43C;&#x430;&#x43D;&#x44B;: &#x412;&#x43E;&#x437;&#x432;&#x440;&#x430;&#x449;&#x435;&#x43D;&#x438;&#x435; ; &#x422;&#x440;&#x438; &#x434;&#x43D;&#x44F; ; &#x441;&#x431;. &#x440;&#x430;&#x441;&#x441;&#x43A;&#x430;&#x437;&#x43E;&#x432; "&#x414;&#x435;&#x437;&#x435;&#x440;&#x442;&#x438;&#x440;&#x44B; &#x43B;&#x44E;&#x431;&#x432;&#x438;": &#x414;&#x435;&#x432;&#x43E;&#x447;&#x43A;&#x430; &#x441; &#x44F;&#x449;&#x435;&#x440;&#x43A;&#x43E;&#x439; ; &#x414;&#x440;&#x443;&#x433;&#x43E;&#x439; &#x43C;&#x443;&#x436;&#x447;&#x438;&#x43D;&#x430; ; &#x418;&#x437;&#x43C;&#x435;&#x43D;&#x430; ; &#x421;&#x43B;&#x430;&#x434;&#x43A;&#x438;&#x439; &#x433;&#x43E;&#x440;&#x43E;&#x448;&#x435;&#x43A; ; &#x41E;&#x431;&#x440;&#x435;&#x437;&#x430;&#x43D;&#x438;&#x435; ; &#x421;&#x44B;&#x43D; ; &#x416;&#x435;&#x43D;&#x449;&#x438;&#x43D;&#x430; &#x43F;&#x440;&#x438; &#x431;&#x435;&#x43D;&#x437;&#x43E;&#x43A;&#x43E;&#x43B;&#x43E;&#x43D;&#x43A;&#x435;</subfield>
  </datafield>
  <datafield tag="333" ind1=" " ind2=" ">
    <subfield code="a">18+</subfield>
  </datafield>
  <datafield tag="686" ind1="1" ind2=" ">
    <subfield code="a">&#x428;6(4&#x424;)07-440.4{&#x41B;&#x445;1359.2-50}</subfield>
  </datafield>
  <datafield tag="700" ind1=" " ind2="1">
    <subfield code="a">&#x428;&#x43B;&#x438;&#x43D;&#x43A;</subfield>
    <subfield code="b">&#x411;.</subfield>
    <subfield code="f">1944-</subfield>
    <subfield code="g">&#x411;&#x435;&#x440;&#x43D;&#x445;&#x430;&#x440;&#x434;</subfield>
    <subfield code="3">RU\NLR\AUTH\770204827</subfield>
  </datafield>
  <datafield tag="942" ind1=" " ind2=" ">
    <subfield code="c">BOOK</subfield>
  </datafield>
  <datafield tag="980" ind1=" " ind2=" ">
    <subfield code="a">NB</subfield>
  </datafield>
</record>
